Estatísticas para Artilharia da Liga dos Campeões 2021/22

Clique aqui para jogar o quiz

Estatísticas Gerais

  • Esse quiz foi jogado 212 vezes
  • A pontuação média é 9 de 11

Estatísticas das Respostas

NacionalidadeJogadorGolsClube% Correto
FrancêsBenzema15Real Madrid
99%
PolonêsLewandowski13Bayern Munich
97%
EgípcioSalah8Liverpool
97%
PortuguêsCristiano Ronaldo6Manchester United
94%
FrancêsMbappé6PSG
94%
ArgelinoMahrez7Manchester City
86%
UruguaioDarwin Núñez6Benfica
79%
FrancêsNkunku7Leipzig
68%
Franco-MarfinenseHaller11Ajax
67%
AlemãoSané6Bayern Munich
62%
EspanholDanjuma6Villarreal
19%

Distribuição das Pontuações

Percentil de Números Respondidos

Porcentagem de Pessoas com Cada Pontuação

Sua Pontuação Histórica

Você não jogou esse quiz